| 000 | 00495nam a2200181 i 4500 | ||
|---|---|---|---|
| 001 | 129844 | ||
| 003 | ES-MaACL | ||
| 005 | 20231207063025.0 | ||
| 007 | t| | ||
| 008 | 070709s1981 sp ||||1| spa d | ||
| 100 | 1 |
_aZubiri, Xavier, _d1898-1983 _9118406 |
|
| 245 | 1 | 0 |
_aInteligencia sentiente / _cJavier Zubiri. |
| 250 | _a[2ยช ed.]. | ||
| 260 |
_a[Madrid] : _bAlianza, _c[1981] |
||
| 300 |
_a288 p. ; _c23 cm. |
||
| 852 |
_aES-MaACL _jL-923 _bR.101530 |
||
| 999 |
_c129844 _d129844 |
||